000 00756nam a2200265Ia 4500
005 20260302114106.0
008 008 260114s9999 xx 000 0 eng d
020 _a9781350228870
037 _aTextbook
040 _aCRL
040 _beng
040 _cCRL
041 _2eng
041 _aeng
084 _qCRL
100 _aLukas M. Verburgt and Matteo Cosci
_91117736
245 0 _aAristotle's Syllogism and the Creation of Modern Logic Between Tradition and Innovation, 1820s-1930s
260 _bBloomsbury
260 _bBloomsbury Academic
260 _c2023
650 _aPhilosophy
856 _uhttps://doi.org/10.5040/9781350228870?locatt=label:secondary_bloomsburyCollections
942 _cEBOOK
999 _c1681314
_d1681314